[Event "Foxwoods op 15th"]
[Site "Ledyard"]
[Date "2023.04.08"]
[Round "6"]
[White "Sloan, Jed David"]
[Black "Pang, Brian"]
[Result "1/2-1/2"]
[WhiteElo "2006"]
[BlackElo "2165"]
[PlyCount "113"]
[EventDate "2023.04.05"]
[EventType "swiss"]
[EventRounds "9"]
[EventCountry "USA"]
[SourceTitle "CBM 213 Extra"]
[Source "ChessBase"]
[SourceDate "2023.05.31"]
[SourceVersion "1"]
[SourceVersionDate "2023.05.31"]
[SourceQuality "1"]

1. e4 e5 2. Nf3 Nc6 3. Bc4 Bc5 4. d3 Nf6 5. 0-0 d6 6. c3 0-0 7. h3 h6 8. Re1 a6 9. a4 Ba7 10. Bb3 Ne7 11. d4 Ng6 12. Nbd2 Re8 13. Bc2 Be6 14. Nf1 c6 15. Ng3 Qc7 16. Be3 c5 17. d5 Bd7 18. a5 c4 19. Bxa7 Rxa7 20. Nd2 Raa8 21. Ngf1 Bb5 22. Ne3 Nd7 23. g3 b6 24. Ra3 bxa5 25. Qa1 Nb6 26. Rxa5 Ne7 27. h4 g6 28. h5 Kg7 29. Kg2 Rf8 30. Rg1 g5 31. g4 Nd7 32. Bd1 Nc5 33. Be2 Rfb8 34. b4 Nb7 35. Ra3 Nc8 36. Ndxc4 Nb6 37. Nxb6 Qxb6 38. c4 Bd7 39. Rb1 Nc5 40. Bd3 Nxd3 41. Rxd3 a5 42. b5 Rc8 43. Rb2 a4 44. Ra2 Qa7 45. Kf3 Qa5 46. Rda3 Qd8 47. Rxa4 Qf6+ 48. Ke2 Rxa4 49. Rxa4 Qf4 50. f3 Qh2+ 51. Kd3 Qf2 52. Ra7 Rxc4 53. Nxc4 Bxb5 54. Rc7 Qxf3+ 55. Kd2 Qf2+ 56. Kd3 Qf3+ 57. Kd2 1/2-1/2

[Event "Titled Tuesday intern op 06th Sep Late"]
[Site "Chess.com INT"]
[Date "2022.09.06"]
[Round "1"]
[White "Bar, Roman"]
[Black "Sloan, Jed David"]
[Result "1-0"]
[WhiteElo "2473"]
[BlackElo "2026"]
[PlyCount "63"]
[EventDate "2022.09.06"]
[EventType "swiss (blitz)"]
[EventRounds "11"]
[EventCountry "USA"]
[SourceTitle "EXT 2023"]
[Source "ChessBase"]
[SourceDate "2022.10.05"]
[SourceVersion "1"]
[SourceVersionDate "2022.10.05"]
[SourceQuality "1"]

1. e4 c5 2. Nf3 e6 3. d3 Nc6 4. g3 d5 5. Nbd2 Nf6 6. Bg2 Be7 7. 0-0 b6 8. Re1 Bb7 9. c3 Qc7 10. a3 b5 11. exd5 Nxd5 12. c4 bxc4 13. dxc4 Nf6 14. b3 Rd8 15. Bb2 0-0 16. Qe2 Rd7 17. Ng5 Nd4 18. Bxd4 Rxd4 19. Bxb7 Qxb7 20. Ndf3 Rd6 21. b4 cxb4 22. axb4 h6 23. c5 Rd5 24. Nxe6 Re8 25. Nf4 Rf5 26. Nd4 Rxf4 27. gxf4 Bf8 28. Qc4 Re4 29. c6 Qe7 30. Qc3 Qd6 31. c7 Rxd4 32. c8Q 1-0

[Event "Titled Tuesday intern op 06th Sep Late"]
[Site "Chess.com INT"]
[Date "2022.09.06"]
[Round "3"]
[White "Sloan, Jed David"]
[Black "Shivika, Rohilla"]
[Result "1-0"]
[WhiteElo "2026"]
[BlackElo "2127"]
[PlyCount "51"]
[EventDate "2022.09.06"]
[EventType "swiss (blitz)"]
[EventRounds "11"]
[EventCountry "USA"]
[SourceTitle "EXT 2023"]
[Source "ChessBase"]
[SourceDate "2022.10.05"]
[SourceVersion "1"]
[SourceVersionDate "2022.10.05"]
[SourceQuality "1"]

1. e4 e5 2. Nf3 Nc6 3. Bc4 Bc5 4. d3 Nf6 5. c3 0-0 6. b4 Bb6 7. a4 a5 8. b5 Ne7 9. Nxe5 d5 10. exd5 Nexd5 11. 0-0 Re8 12. d4 Bf5 13. Bd3 Bxd3 14. Qxd3 Rc8 15. Ba3 Nf4 16. Qf3 Ne6 17. Nd2 Nxd4 18. cxd4 Bxd4 19. Rad1 Bxe5 20. Nc4 Nd7 21. Qf5 Qh4 22. f4 g6 23. Qxd7 Bxf4 24. g3 Bxg3 25. Qxf7+ Kh8 26. Bb2+ 1-0

[Event "Bruges op-A"]
[Site "Bruges"]
[Date "2022.08.14"]
[Round "2"]
[White "Sloan, Jed David"]
[Black "Vogt, Lothar"]
[Result "1/2-1/2"]
[WhiteElo "2013"]
[BlackElo "2355"]
[PlyCount "154"]
[EventDate "2022.08.13"]
[EventType "swiss"]
[EventRounds "9"]
[EventCountry "BEL"]
[SourceTitle "CBM 209 Extra"]
[Source "ChessBase"]
[SourceDate "2022.09.30"]
[SourceVersion "1"]
[SourceVersionDate "2022.09.30"]
[SourceQuality "1"]

1. e4 c5 2. Nf3 d6 3. Bb5+ Bd7 4. Bxd7+ Qxd7 5. 0-0 Nf6 6. Re1 Nc6 7. c3 e6 8. d4 cxd4 9. cxd4 d5 10. e5 Ne4 11. Nbd2 Nxd2 12. Bxd2 Be7 13. Rc1 0-0 14. Rc3 Rfc8 15. a3 b5 16. Rd3 Nd8 17. h4 Qc7 18. Rc3 Qb7 19. Rd3 b4 20. Ng5 bxa3 21. bxa3 h6 22. Nh3 f5 23. exf6 Bxf6 24. Qg4 Kh8 25. Nf4 Qf7 26. Rf3 Rc4 27. Ng6+ Kg8 28. Ne5 Bxe5 29. Rxf7 Nxf7 30. Qxe6 Bf6 31. Qxd5 Rac8 32. Re8+ Rxe8 33. Qxc4 Bxh4 34. d5 Be7 35. Bb4 Bxb4 36. Qxb4 Rd8 37. Qc5 a6 38. Kf1 g5 39. Ke2 h5 40. Kd3 Rd6 41. Kd4 h4 42. Qc8+ Kg7 43. f3 Kg6 44. Kc5 Rf6 45. a4 Kg7 46. a5 Kg6 47. Qf8 Kf5 48. Qg7 Ke5 49. d6 Nxd6 50. Qxg5+ Nf5 51. f4+ Ke6 52. Qg8+ Ke7 53. Qh7+ Rf7 54. Qg6 Rf6 55. Qg5 Ke6 56. Qg4 Ke7 57. Qe2+ Re6 58. Qd3 Kf6 59. Qd8+ Kf7 60. Qd7+ Kf6 61. Qd5 Rd6 62. Qe5+ Kg6 63. Qe8+ Kg7 64. Qb8 Kf7 65. Qc7+ Kf6 66. Qb8 Kf7 67. Qh8 Rh6 68. Qe5 Rf6 69. Qd5+ Kg7 70. Qd7+ Rf7 71. Qd8 Rf6 72. Qc7+ Kg6 73. Qc8 Kg7 74. Qb7+ Kg6 75. Qd7 Rd6 76. Qe8+ Kg7 77. Qe5+ Rf6 1/2-1/2

[Event "Pan American-ch Hybrid U14 31st"]
[Site "Tornelo INT"]
[Date "2021.09.04"]
[Round "3"]
[White "Sloan, Jed David"]
[Black "Borges Oliveros, Sebastian Francisco"]
[Result "1/2-1/2"]
[WhiteElo "1806"]
[BlackElo "1636"]
[PlyCount "99"]
[EventDate "2021.09.04"]
[EventType "swiss"]
[EventRounds "9"]
[EventCountry "NET"]
[SourceTitle "EXT 2023"]
[Source "ChessBase"]
[SourceDate "2022.10.05"]
[SourceVersion "1"]
[SourceVersionDate "2022.10.05"]
[SourceQuality "1"]

1. e4 c5 2. Nf3 d6 3. d4 Nf6 4. Nc3 cxd4 5. Nxd4 a6 6. Be3 Ng4 7. Bc1 e5 8. Nf5 Bxf5 9. exf5 h5 10. h3 Nf6 11. Bg5 Be7 12. Bxf6 Bxf6 13. Qd5 0-0 14. 0-0-0 Nc6 15. Qxd6 Qb6 16. Nd5 Bg5+ 17. f4 Bxf4+ 18. Nxf4 Qe3+ 19. Qd2 exf4 20. Bd3 Rfe8 21. Rhe1 Qxd2+ 22. Kxd2 Ne5 23. Rf1 f3 24. gxf3 Nxd3 25. cxd3 Re5 26. f6 g6 27. Rde1 Rf5 28. f4 Rxf6 29. Re5 Rd8 30. f5 Kg7 31. Rg1 Kh6 32. fxg6 fxg6 33. Reg5 Rdd6 34. Ke3 Rde6+ 35. Kd4 Re2 36. R1g2 Rd6+ 37. Kc5 Rxg2 38. Rxg2 Rxd3 39. Kb6 Rd7 40. h4 Kg7 41. a3 Kf6 42. Rf2+ Ke5 43. Rg2 Rg7 44. Rg1 Kf4 45. Rg5 Ke4 46. b4 Kd4 47. a4 Kc4 48. b5 axb5 49. axb5 Kb4 50. Rg3 1/2-1/2

[Event "New York-Singapore Online"]
[Site "chess24.com INT"]
[Date "2020.05.31"]
[Round "2.23"]
[White "Goh, Zi Han"]
[Black "Sloan, Jed David"]
[Result "1-0"]
[WhiteElo "2087"]
[BlackElo "1781"]
[PlyCount "137"]
[EventDate "2020.05.31"]
[EventType "team-match (rapid)"]
[EventRounds "2"]
[EventCountry "USA"]
[SourceTitle "CBM 196 Extra"]
[Source "ChessBase"]
[SourceDate "2020.07.31"]
[SourceVersion "1"]
[SourceVersionDate "2020.07.31"]
[SourceQuality "1"]
[WhiteTeam "Singapore"]
[BlackTeam "New York"]
[WhiteTeamCountry "SIN"]
[BlackTeamCountry "USA"]

1. d4 Nf6 2. c4 e6 3. Nc3 Bb4 4. Nf3 Bxc3+ 5. bxc3 d6 6. e3 c5 7. Bd3 Nc6 8. 0-0 e5 9. e4 0-0 10. Be3 b6 11. Re1 Re8 12. Qc2 Bg4 13. d5 Bxf3 14. gxf3 Ne7 15. f4 Ng6 16. fxe5 Rxe5 17. f3 Nh5 18. Kh1 Qh4 19. Qf2 Qxf2 20. Bxf2 Nhf4 21. Bc2 Rh5 22. a4 Ne5 23. Bg3 g5 24. a5 bxa5 25. Rxa5 Nxf3 26. Rea1 Ne5 27. Rxa7 Rxa7 28. Rxa7 Nxc4 29. Ra4 Ne3 30. Bb1 Nf1 31. Kg1 Nxg3 32. hxg3 Ne2+ 33. Kg2 Nxc3 34. Ra8+ Kg7 35. Bd3 Kf6 36. Re8 Kg7 37. e5 Rh6 38. e6 fxe6 39. dxe6 Nd5 40. Kf3 Kf6 41. Bc4 Nc7 42. Rf8+ Ke7 43. Rf7+ Kd8 44. Rd7+ Kc8 45. Rxd6 Ne8 46. Rd5 Kc7 47. Rxc5+ Kd6 48. Rc8 Ng7 49. Rd8+ Ke7 50. Rd7+ Kf8 51. Rxg7 Kxg7 52. e7 Rf6+ 53. Kg4 Rf8 54. exf8Q+ Kxf8 55. Kxg5 Kg7 56. Kh5 Kh8 57. g4 Kg7 58. Kg5 Kh8 59. Kf6 h6 60. Kg6 h5 61. Kxh5 Kg7 62. g5 Kh8 63. g6 Kg7 64. Kg5 Kh8 65. Bd3 Kg7 66. Be4 Kh8 67. Kh6 Kg8 68. g7 Kf7 69. Bd5+ 1-0

[Event "Pan American-ch U12"]
[Site "Guayaquil"]
[Date "2019.07.24"]
[Round "6"]
[White "Sloan, Jed David"]
[Black "Zacarias Rodriguez, Santiago"]
[Result "1/2-1/2"]
[WhiteElo "1680"]
[BlackElo "1768"]
[PlyCount "59"]
[EventDate "2019.07.21"]
[EventType "swiss"]
[EventRounds "9"]
[EventCountry "ECU"]
[SourceTitle "EXT 2020"]
[Source "ChessBase"]
[SourceDate "2019.10.17"]
[SourceVersion "1"]
[SourceVersionDate "2019.10.17"]
[SourceQuality "1"]

1. e4 c5 2. Nf3 Nc6 3. Bb5 g6 4. Bxc6 dxc6 5. d3 Bg7 6. Nc3 e5 7. Be3 Qe7 8. Qd2 h6 9. h3 Nf6 10. Ne2 Nd7 11. Ng3 Nf8 12. h4 b6 13. Qc3 Bd7 14. a4 a5 15. Nd2 Be6 16. Nc4 Qc7 17. 0-0 0-0-0 18. f4 Nd7 19. f5 gxf5 20. Nxf5 Bxf5 21. Rxf5 f6 22. Qe1 Rhg8 23. Bd2 Bf8 24. Ra3 Rg4 25. Ne3 Rg7 26. Rf2 h5 27. Nf5 Rg4 28. Rf3 Rg7 29. Rg3 Rxg3 30. Nxg3 1/2-1/2

[Event "Pan American-ch U12"]
[Site "Guayaquil"]
[Date "2019.07.23"]
[Round "4"]
[White "Cahuapaza Tarapaca, Leonardo"]
[Black "Sloan, Jed David"]
[Result "0-1"]
[WhiteElo "1358"]
[BlackElo "1680"]
[PlyCount "118"]
[EventDate "2019.07.21"]
[EventType "swiss"]
[EventRounds "9"]
[EventCountry "ECU"]
[SourceTitle "EXT 2020"]
[Source "ChessBase"]
[SourceDate "2019.10.17"]
[SourceVersion "1"]
[SourceVersionDate "2019.10.17"]
[SourceQuality "1"]

1. e4 c5 2. Nf3 e6 3. d4 cxd4 4. Nxd4 Nc6 5. Nc3 Qc7 6. Be3 a6 7. a3 b5 8. Be2 Bb7 9. Bf3 Ne5 10. Be2 Nf6 11. f3 b4 12. axb4 Bxb4 13. Bd2 Nc4 14. Bxc4 Qxc4 15. Nde2 Qc7 16. 0-0 Bc5+ 17. Kh1 0-0 18. Bg5 Kh8 19. Ng3 Rg8 20. Qc1 Rac8 21. Nce2 d5 22. e5 Nd7 23. f4 Qb6 24. Nc3 h6 25. Na4 Qc6 26. Bh4 d4 27. Rf3 Qb5 28. Rd3 Bd5 29. b3 Qb7 30. Qd2 Bb4 31. Qf2 g5 32. fxg5 hxg5 33. Nf5 exf5 34. Bxg5 Bxg2+ 35. Kg1 Qe4 36. Rxd4 Rxg5 37. Rxe4 Bxe4+ 38. Kf1 Bg2+ 39. Kg1 Bc6+ 40. Kf1 Bb5+ 41. c4 Rxc4 42. bxc4 Bxc4+ 43. Qe2 Bxe2+ 44. Kxe2 Nxe5 45. Rb1 a5 46. Ke3 Rg4 47. Nb2 Re4+ 48. Kf2 Bc5+ 49. Kg3 f4+ 50. Kh3 Re3+ 51. Kg2 Rb3 52. Kf1 Nd3 53. Nxd3 Rxb1+ 54. Ke2 Be3 55. Ne5 a4 56. Nc4 Bc5 57. Kf3 a3 58. Kg4 a2 59. h4 a1Q 0-1

[Event "Pan American-ch U10"]
[Site "Santiago de Chile"]
[Date "2018.07.24"]
[Round "4"]
[White "Jimenez Jimenez, Abednego"]
[Black "Sloan, Jed David"]
[Result "0-1"]
[WhiteElo "1192"]
[BlackElo "1494"]
[PlyCount "94"]
[EventDate "2018.07.22"]
[EventType "swiss"]
[EventRounds "9"]
[EventCountry "CHI"]
[SourceTitle "EXT 2022"]
[Source "ChessBase"]
[SourceDate "2021.10.06"]
[SourceVersion "1"]
[SourceVersionDate "2021.10.06"]
[SourceQuality "1"]

1. e4 c5 2. Nf3 e6 3. d4 cxd4 4. Nxd4 Nc6 5. Nc3 Qc7 6. Be3 a6 7. Be2 Nf6 8. 0-0 Bb4 9. f3 Bxc3 10. bxc3 d5 11. exd5 Nxd5 12. Qd2 Nxe3 13. Qxe3 Qe5 14. Qxe5 Nxe5 15. f4 Ng6 16. Rab1 0-0 17. Bf3 Nxf4 18. Bxb7 Bxb7 19. Rxb7 Nd5 20. c4 Ne3 21. Rf3 Nxc4 22. Rc3 Rfc8 23. Rf3 Nd6 24. Rd7 Rd8 25. Rxd8+ Rxd8 26. Ra3 Nb5 27. Nxb5 axb5 28. Ra5 Rb8 29. Kf2 g6 30. Ke3 e5 31. Ke4 f6 32. Ra6 Kf7 33. Ra7+ Ke6 34. Rxh7 f5+ 35. Ke3 Ra8 36. Rh6 Kf6 37. Rh3 Ra3+ 38. Ke2 Rxh3 39. gxh3 Ke6 40. Ke3 Kd5 41. Kd3 e4+ 42. Ke3 g5 43. c3 f4+ 44. Kd2 Kc4 45. a3 e3+ 46. Ke2 Kxc3 47. h4 gxh4 0-1

[Event "Pan American-ch U10"]
[Site "Santiago de Chile"]
[Date "2018.07.22"]
[Round "1"]
[White "Sloan, Jed David"]
[Black "Ricouz Vasquez, Enzo Joaquin"]
[Result "1-0"]
[WhiteElo "1494"]
[BlackElo "1104"]
[PlyCount "35"]
[EventDate "2018.07.22"]
[EventType "swiss"]
[EventRounds "9"]
[EventCountry "CHI"]
[SourceTitle "EXT 2022"]
[Source "ChessBase"]
[SourceDate "2021.10.06"]
[SourceVersion "1"]
[SourceVersionDate "2021.10.06"]
[SourceQuality "1"]

1. e4 e5 2. Nf3 Nc6 3. d4 exd4 4. Nxd4 Nge7 5. Bg5 h6 6. Bh4 g5 7. Bg3 Bg7 8. Nxc6 Nxc6 9. c3 d6 10. Nd2 0-0 11. Qh5 Qf6 12. 0-0-0 Be6 13. Bc4 Bxc4 14. Nxc4 b5 15. Ne3 Kh7 16. h4 b4 17. hxg5 Qxg5 18. Qxg5 1-0

[Event "Windsor NAYCC U08"]
[Site "Windsor"]
[Date "2016.08.07"]
[Round "1.163"]
[White "Sloan, Jed David"]
[Black "Ripley, Sam"]
[Result "1-0"]
[WhiteElo "1553"]
[BlackElo "829"]
[PlyCount "115"]
[EventDate "2016.08.07"]
[EventType "swiss"]
[EventRounds "9"]
[EventCountry "CAN"]
[SourceTitle "EXT 2022"]
[Source "ChessBase"]
[SourceDate "2021.10.06"]
[SourceVersion "1"]
[SourceVersionDate "2021.10.06"]
[SourceQuality "1"]

1. e4 c5 2. Nf3 d6 3. d4 cxd4 4. Nxd4 Nf6 5. Nc3 g6 6. Be3 Bg7 7. Be2 0-0 8. 0-0 Qe8 9. Ndb5 Qd8 10. Nxa7 Be6 11. Nab5 Nc6 12. Nd4 Nxd4 13. Bxd4 Rc8 14. f4 Qa5 15. Qe1 Qb4 16. Rd1 Ra8 17. b3 d5 18. exd5 Nxd5 19. Bxg7 Kxg7 20. Nxd5 Qc5+ 21. Qf2 Qd6 22. Qd4+ f6 23. Qb6 Qxb6+ 24. Nxb6 Rxa2 25. Bd3 Bf5 26. Bxf5 gxf5 27. Rd7 Rf7 28. Re1 Rxc2 29. Rdxe7 Rxe7 30. Rxe7+ Kg8 31. Nd5 Rb2 32. Nxf6+ Kf8 33. Rxb7 h6 34. h3 Rb1+ 35. Kh2 Rf1 36. Kg3 Re1 37. Rb8+ Kf7 38. Nd5 Rd1 39. Rb7+ Ke6 40. Re7+ Kd6 41. Re5 Rxd5 42. Rxd5+ Kxd5 43. Kh4 Ke4 44. g3 Kd3 45. Kh5 Kc3 46. Kxh6 Kxb3 47. Kg5 Kc3 48. h4 Kd4 49. h5 Kd5 50. h6 Ke6 51. h7 Kf7 52. h8Q Ke6 53. Qd8 Kf7 54. Kxf5 Kg7 55. Qe7+ Kh6 56. Qg5+ Kh7 57. Kf6 Kh8 58. Qg7# 1-0